000 00315nam a22001337a 4500
008 170714b xxu||||| |||| 00| 0 eng d
020 _a0136626440
041 _aeng
080 _22ND
_a101
100 _a24
101 _aFIL
245 _aTHE PHILOSOPHIC ROOTS OF MODERN IDEOLOGY
_cINGERSOLL,D.E
942 _2udc
_cBK
999 _c20895
_d20895